| 000 | 01455nab a2200217 i 4500 | ||
|---|---|---|---|
| 001 | 768714001 | ||
| 003 | CO-MdFUSB | ||
| 005 | 20240509121010.0 | ||
| 008 | 240508t1967 sp ||||| |||| 00| 0 spa d | ||
| 040 |
_bspa _cCO-MdFUSB _dCO-MdFUSB |
||
| 041 | _aspa | ||
| 100 |
_aEcheverría, Lamberto de, _eautor |
||
| 245 |
_aTeología del derecho canónico _c/ Lamberto de Echeverría |
||
| 520 | _a"Puede hablarse de una teología del derecho canónico en el derecho canónico", se decía en la «Presentación» del número 8 de esta revista, como un eco de la declaración contenida en la encíclica Mystici Corporis: «Derecho canónico y teología están unidos con un sólido vínculo.» En efecto, el derecho canónico parte de unas bases prejurídicas y tiene una finalidad metajurídica, proporcionado todo ello por la teología. De aquí la oportunidad de clarificar las relaciones entre el ordenamiento canónico y los datos teológicos a base de una reflexión, facilitada por la literatura inmensa que se está produciendo y que demuestra la extraordinaria actualidad del tema. | ||
| 650 | 7 |
_aIglesia _9655 |
|
| 650 | 0 |
_aHombres (Teología cristiana) _91269 |
|
| 653 | _aDerecho canónico | ||
| 773 | 0 |
_049450 _982588 _oR2518 _tRevista internacional de teología Concilium _w(CO-MdFUSB)8 _x0210-1041 _gNúmero 28, (septiembre - octubre, 1967), páginas: 193 - 202 _qpágina: 193 |
|
| 942 | _cANA | ||
| 945 | _aCatherine Arias Alvarez - Practicante SENA | ||
| 999 |
_c69593 _d69593 |
||